| 000 | 00369nam a2200157Ia 4500 | ||
|---|---|---|---|
| 003 | OSt | ||
| 005 | 20240215113019.0 | ||
| 008 | 170524s9999 xx 000 0 und d | ||
| 020 | _a 9788189928353 | ||
| 040 | _cIIMT UNIVERSITY | ||
| 100 | _aKhanna O P | ||
| 245 | 0 | _aIndustrial Engineering and Management | |
| 260 | _bDhanpat Rai | ||
| 260 | _c2012 | ||
| 942 |
_2ddc _c02 |
||
| 999 |
_c6067 _d6067 |
||